Statistiken für Entfernung zur Allianz Arena 22/23

Klicken Sie hier um das Quiz zu spielen!

Allgemein

  • Dieses Quiz wurde 128 mal gespielt
  • Das Durchschnittsergebnis liegt bei 12 aus 17

Antwortstatistiken

PlatzAntwort% Korrekt
1WWK-Arena (Augsburg)
58 km
99%
2Mercedes-Benz Arena (Stuttgart)
187 km
96%
4Europa-Park Stadion (Freiburg)
283 km
78%
17Weserstadion (Bremen)
574 km
76%
3PreZero-Arena (Sinsheim)
231 km
74%
5Deutsche Bank Park (Frankfurt)
299 km
73%
6Mewa Arena (Mainz)
315 km
72%
10Rheinenergie Stadion (Köln)
456 km
71%
11Signal Iduna Park (Dortmund)
471 km
70%
7Red BullArena (Leipzig)
352 km
69%
9BayArena (Leverkusen)
457 km
65%
8Volkswagen Arena (Wolfsburg)
372 km
65%
13Olympiastadion Berlin (Berlin)
491 km
63%
15Alte Försterei (Berlin)
495 km
62%
12Ruhrstadion (Bochum)
481 km
58%
14Veltins-Arena (Gelsenkirchen)
494
54%
16Borussia-Park (Mönchengladbach)
500 km
51%

Verteilung der Resultate

Perzentil nach korrekt beantworteten Fragen

Anzahl Personen mit jedem Resultat

Ihre Resultats-Entwicklung

Sie haben dieses Quiz noch nicht gespielt